000 00221nam a2200097Ia 4500
005 20251222114405.0
008 251222s1900||||xx |||||||||||||| ||spa||
082 _aDVD0070/T68/2003
245 0 _aMe llaman radio:
942 _cDVD
999 _c1788
_d1788